Lektorské finty jak připravit a realizovat zajímavá školení

Gespeichert in:
Bibliographische Detailangaben
1. Verfasser: Trdá, Jana
Format: Buch
Sprache:Tschechisch
Veröffentlicht: Praha Grada Publishing 2011
Ausgabe:2. aktualiz. a rozšíř. vyd.
Schriftenreihe:Poradce pro praxi
Schlagworte:
Tags: Tag hinzufügen
Keine Tags, Fügen Sie das erste Tag hinzu!

MARC

LEADER 00000nam a2200000 4500
001 0130337
005 20240315114529.1
020 |a 978-80-247-3675-4 
041 0 |a cze 
044 |a CZ 
245 1 0 |a Lektorské finty  |b jak připravit a realizovat zajímavá školení  |c Jana Trdá 
250 |a 2. aktualiz. a rozšíř. vyd. 
264 1 |a Praha  |b Grada Publishing  |c 2011 
300 |a 111 s. 
490 1 |a Poradce pro praxi 
830 0 |a Poradce pro praxi 
610 2 0 |a prednášatelia 
610 2 0 |a prednášky 
610 2 0 |a školenie odborné 
610 2 0 |a kurzy 
610 2 0 |a vyučovanie 
610 2 0 |a vzdelávanie 
610 2 0 |a učitelia 
610 2 0 |a metodika 
100 1 |a Trdá, Jana